Encouraging Democracy : The international context of regime transition in Southern Europe
Αποθηκεύτηκε σε:
| Κύριος συγγραφέας: | |
|---|---|
| Μορφή: | Βιβλίο |
| Γλώσσα: | English |
| Δημοσίευση: |
London :
Leicester University Press,
1991
|
| Θέματα: | |
| Ετικέτες: |
Προσθήκη ετικέτας
Δεν υπάρχουν, Καταχωρήστε ετικέτα πρώτοι!
|
MARC
| LEADER | 00000nam a2200000 i 4500 | ||
|---|---|---|---|
| 001 | 1/67912 | ||
| 008 | 990126s1991 eng d | ||
| 020 | |a 0-7185-1333-9 | ||
| 035 | |l 10047558 | ||
| 040 | |a GR-MY-UA |b gre |e aacr | ||
| 041 | 0 | |a eng | |
| 082 | 0 | |a 323.042094 | |
| 100 | 1 | |a Pridham, Geoffrey. | |
| 245 | 1 | 0 | |a Encouraging Democracy : |b The international context of regime transition in Southern Europe / |c Geoffrey Pridham |
| 260 | |a London : |b Leicester University Press, |c 1991 | ||
| 300 | |a 249 p. | ||
| 650 | 0 | 0 | |a Political participation |z Europe, Southern. |
| 650 | 0 | 0 | |a Democracy |z Europe, Southern. |
| 650 | 0 | 0 | |a Democratization |z Europe, Southern. |
| 651 | 0 | |a Europe, Southern |x Politics and government. | |
| 852 | |a INST |b RHODES |e 19990126 |h 323.042094 ENC |p 005400005652 |q 005400005652 |t BK |y 0 | ||
| 901 | |a BIBL-1999-1 | ||
| 909 | |a Ρ |b 060865 |c 1998 | ||
| 922 | |a 4ΕΛΗ |b 199811 |c ΚΠΣ/ΜΣ |d ΠΑΠΑΣΩΤΗΡΙΟΥ | ||